| 000 | 01473nam0a2200409 4500 | ||
|---|---|---|---|
| 001 | RU\NLR\bibl\1437761 | ||
| 005 | 20250615223539.0 | ||
| 010 |
_a978-5-17-016103-4 _b(АСТ)(ЯПМ) |
||
| 010 |
_a978-5-271-05138-8 _bАстрель _92000 |
||
| 021 |
_aRU _b2009-75288 _94702 |
||
| 021 |
_aRU _b2009-75269 _94701 |
||
| 035 | _a(nilc)RSL-KNO-004386136 | ||
| 035 | _a(NLR Aleph) 001429630 | ||
| 090 |
_a1394415 _c1394415 |
||
| 100 | _a20090914d2009 |||y0rusy50 ca | ||
| 101 | 0 | _arus | |
| 102 | _aRU | ||
| 105 | _aa ||||||||| | ||
| 200 | 1 |
_aЯ познаю мир _iПравители и войны _e[детская энциклопедия _fП.Р. Ляхов] |
|
| 210 |
_aМосква _cАСТ _cАстрель _d2009 |
||
| 215 |
_a394, [1] с. _cил., портр. _d21 |
||
| 225 | 1 | _aЭнциклопедия | |
| 320 | _aПредм.-имен. указ.: с. 392-396 | ||
| 606 | 1 |
_aПолководцы _jЭнциклопедии для детей _91980081 _3RU\NLR\auth\661194377 |
|
| 606 | 1 |
_aВойна _jЭнциклопедии для детей _9991073 _3RU\NLR\auth\6656444 |
|
| 686 |
_aШ9:Т3(0)-68я20(2) _2rubbk |
||
| 686 |
_aШ9 _bЦ |
||
| 686 |
_aШ9 _bТ3(0) |
||
| 702 | 1 |
_aЛяхов _bП. Р. _gПетр Рубенович _4220 |
|
| 801 | 0 |
_aRU _bРГБ _c20090914 _grcr |
|
| 801 | 1 |
_aRU _bРГБ _c20090914 |
|
| 801 | 2 |
_aRU _bNLR _c20091112 _grcr |
|
| 942 | _cBOOK | ||
| 980 | _aNB | ||